The merchant of Venice / (Record no. 8010)
[ view plain ]
| 000 -LEADER | |
|---|---|
| fixed length control field | 01015cam a2200313 a 4500 |
| 001 - CONTROL NUMBER | |
| JCCL Control Number | 8010 |
| 003 - CONTROL NUMBER IDENTIFIER | |
| JCCL marc code | BD - JhCC |
| 005 - DATE AND TIME OF LATEST TRANSACTION | |
| control field | 20180717082921.0 |
| 008 - FIXED-LENGTH DATA ELEMENTS--GENERAL INFORMATION | |
| fixed length control field | 970226s1998 nyu b 000 0 eng |
| 035 ## - SYSTEM CONTROL NUMBER | |
| system control number | (BD - JhCC)8010 |
| 035 ## - SYSTEM CONTROL NUMBER | |
| system control number | (OCoLC)36509517 |
| 040 ## - CATALOGING SOURCE | |
| Original cataloging agency | DLC |
| Transcribing agency | DLC |
| Modifying agency | C#P |
| -- | UMC |
| -- | MYG |
| -- | BD - JhCC |
| 041 ## - LANGUAGE CODE | |
| Language code of Book | eng |
| 050 04 - LIBRARY OF CONGRESS CALL NUMBER | |
| Classification number | PR2751 |
| Item number | .A1525 1997 |
| 082 00 - DEWEY DECIMAL CLASSIFICATION NUMBER | |
| Classification number | 822.3/3 |
| DDC Edition number | 21 |
| Author mark and Year | SHA 1997 |
| 100 1# - MAIN ENTRY--PERSONAL NAME | |
| Personal name | Shakespeare, William, |
| Dates associated with a name | 1564-1616. |
| 245 14 - TITLE STATEMENT | |
| Title | The merchant of Venice / |
| Statement of responsibility, etc | by William Shakespeare ; prepared & annotated by Neil Freeman. |
| 260 ## - PUBLICATION, DISTRIBUTION, ETC. (IMPRINT) | |
| Place of publication, distribution, etc | New York : |
| Name of publisher, distributor, etc | Applause, |
| Date of publication, distribution, etc | c1998. |
| 300 ## - PHYSICAL DESCRIPTION | |
| Pagination | liii p., 96 leaves ; |
| Dimensions | 24 cm. |
| 490 1# - SERIES STATEMENT | |
| Series statement | Applause first folio editions |
| 490 1# - SERIES STATEMENT | |
| Series statement | Applause Shakespeare library. Folio texts |
| 500 ## - GENERAL NOTE | |
| General note | "An Applause original"--T.p. verso. |
| 504 ## - BIBLIOGRAPHY, ETC. NOTE | |
| Bibliography, etc | Includes bibliographical references (p. lii). |
| 650 #0 - SUBJECT ADDED ENTRY--TOPICAL TERM | |
| Topical term or geographic name as entry element | Jews |
| Geographic subdivision | Italy |
| -- | Venice |
| Form subdivision | Drama. |
| 700 1# - ADDED ENTRY--PERSONAL NAME | |
| Personal name | Freeman, Neil. |
| 830 #0 - SERIES ADDED ENTRY--UNIFORM TITLE | |
| Uniform title | Applause first folio editions. |
| 942 ## - ADDED ENTRY ELEMENTS (KOHA) | |
| Source of classification or shelving scheme | Dewey Decimal Classification |
| Koha item type | Books |
| Source of classification or shelving scheme | Damaged status | Not for loan | Home library | Current library | Shelving location | Total Checkouts | Full call number | Barcode | Date last seen | Copy number | Koha item type |
|---|---|---|---|---|---|---|---|---|---|---|---|
| Dewey Decimal Classification | JCC Rouf Library | JCC Rouf Library | General Stacks | 822.3/3 SHA 1997 | 9227 | 02/17/2018 | C - 1 | Books |